| 000 | 00468nam a22001577a 4500 | ||
|---|---|---|---|
| 003 | macl | ||
| 005 | 20240605144511.0 | ||
| 008 | 240605b |||||||| |||| 00| 0 eng d | ||
| 040 | _cmacl | ||
| 082 | _a080 | ||
| 100 |
_aअय्यर,रजत _982423 |
||
| 245 | _aग्रुप डिस्कशन | ||
| 260 |
_aमेरठ _bअरिहन्त पब्लिकेशन |
||
| 650 | _aसामान्य वर्ग | ||
| 942 |
_2ddc _cHIN |
||
| 999 |
_c66920 _d66920 |
||